000 00616nam a2200217Ia 4500
005 20250508170119.0
008 008 250505s9999 xx 000 0 eng d
020 _a978-1-54439955-3
037 _aTextual
040 _aFEDL
_beng
_cFEDL
041 _aeng
_2eng
084 _a371.26, NAG
_qFEDL
100 _aNagaraju M T V
_9783069
245 0 _aLearning assessment
260 _aNew Delhi, India
_bNeelkamal
_c2019
300 _axiv, 224p.
365 _aINR
_b700
700 _a Reddy Viswanatha Reddy Srinivas and others
_9783070
942 _cTEXL
_h371.26, NAG
999 _c1399283
_d1399283